Geelong Cats 2026 AFL Playing List - Statistics

General Stats
  • This quiz has been taken 32 times
  • The average score is 25 of 44
Answer Stats
Jumper # Player Name % Correct
5 Jeremy Cameron
100%
3 Bailey Smith
96%
1 Rhys Stanley
96%
35 Patrick Dangerfield
92%
44 Tom Stewart
92%
22 Hunter Holmes
88%
38 Jack Henry
88%
9 Max Holmes
88%
36 Oliver Henry
88%
46 Mark Blicavs
84%
7 Shaun Mannagh
80%
18 Tyson Stengle
80%
32 Gryan Miers
76%
33 Shannon Neale
76%
4 Tanner Bruhn
76%
14 Connor O'Sullivan
72%
17 Lawson Humphries
72%
28 Oliver Dempsey
72%
16 Sam De Koning
72%
30 Tom Atkins
68%
45 Brad Close
64%
19 Jack Martin
64%
42 Mark O'Connor
56%
34 Oisín Mullin
56%
6 Toby Conway
56%
39 Zach Guthrie
56%
8 Jake Kolodjashnij
48%
29 James Worpel
48%
24 Jed Bews
48%
10 Mitch Knevitt
48%
15 George Stevens
40%
12 Jack Bowes
40%
2 Jay Polkinghorne
40%
11 Mitch Edwards
40%
13 Jhye Clarke
32%
26 Harley Barker
24%
41 Cillian Burke
16%
21 Oli Wiltshire
16%
20 Jacob Molier
12%
25 Jesse Mellor
8%
37 Joe Pike
8%
31 Keighton Matofai-Forbes
8%
23 Lennox Hofmann
8%
27 Nicholas Driscoll
8%
No matching quizzes found
Score Distribution
Percent of People with Each Score
Percentile by Number Answered
Your Score History
You have not taken this quiz